Ecology and economics (Record no. 120334)

MARC details
000 -LEADER
fixed length control field 00551nam a2200205Ia 4500
003 - CONTROL NUMBER IDENTIFIER
control field OSt
005 - DATE AND TIME OF LATEST TRANSACTION
control field 20260109140518.0
008 - FIXED-LENGTH DATA ELEMENTS--GENERAL INFORMATION
fixed length control field 210210b2014 xxu||||| |||| 00| 0 eng d
020 ## - INTERNATIONAL STANDARD BOOK NUMBER
International Standard Book Number 9780195662139
040 ## - CATALOGING SOURCE
Transcribing agency AL
041 ## - LANGUAGE CODE
Language code of text/sound track or separate title eng
082 ## - DEWEY DECIMAL CLASSIFICATION NUMBER
Classification number 333.7 SENE
100 ## - MAIN ENTRY--PERSONAL NAME
Personal name Ramprasad Sengupta
9 (RLIN) 250852
245 ## - TITLE STATEMENT
Title Ecology and economics
Remainder of title : an approach to sustainable development
260 ## - PUBLICATION, DISTRIBUTION, ETC.
Place of publication, distribution, etc. New Delhi
Name of publisher, distributor, etc. Oxford University Press
Date of publication, distribution, etc. 2014
300 ## - PHYSICAL DESCRIPTION
Extent xvi,264
690 ## - LOCAL SUBJECT ADDED ENTRY--TOPICAL TERM (OCLC, RLIN)
Topical term or geographic name as entry element Environmental Economics
9 (RLIN) 250853
906 ## - LOCAL DATA ELEMENT F, LDF (RLIN)
a 070932
942 ## - ADDED ENTRY ELEMENTS (KOHA)
Source of classification or shelving scheme Dewey Decimal Classification
Koha item type Book
Holdings
Withdrawn status Lost status Source of classification or shelving scheme Damaged status Not for loan Collection code Home library Current library Date acquired Source of acquisition Cost, normal purchase price Total Checkouts Full call number Barcode Date last seen Price effective from Koha item type
    Dewey Decimal Classification     Economics St Aloysius Library St Aloysius Library 02/17/2021 Biblios Book Point, Surathkal-575014 345.00   333.7 SENE 070932 02/17/2021 02/17/2021 Book